=LDR 00000nam 2200000 4500 =001 INLIS000000000017871 =005 20130612113055 =008 ***********************************Ind** =035 ##$$0010-061300000017871 =041 ##$$a Ind =082 ##$$a 633.84 =090 ##$$a 633.84, Pra m =100 ##$$a Prajnanta, Final =245 ##$$a Mengatasi permaslahan bertanam cabai, Final Prajnanta =260 ##$$a 2005 $b Jakarta =300 ##$$a vii, 88 hlm, ilus, 21 cm =650 ##$$a Cabai-Tanaman =850 ##$$a NBPNMAT